Welcome to CU Library Online Public Access Catalogue (OPAC)

LEARNING THE LANGUAGE OF GOD (Record no. 7510)

MARC details
000 -LEADER
fixed length control field 00313nam a22001337a 4500
005 - DATE AND TIME OF LATEST TRANSACTION
control field 20250910115408.0
008 - FIXED-LENGTH DATA ELEMENTS--GENERAL INFORMATION
fixed length control field 250910b |||||||| |||| 00| 0 eng d
020 ## - INTERNATIONAL STANDARD BOOK NUMBER
International Standard Book Number 9781492756163
100 ## - MAIN ENTRY--PERSONAL NAME
Personal name FERGUSON JONATHAN
245 ## - TITLE STATEMENT
Title LEARNING THE LANGUAGE OF GOD
260 ## - PUBLICATION, DISTRIBUTION, ETC.
Date of publication, distribution, etc. c2013
300 ## - PHYSICAL DESCRIPTION
Extent 84p
942 ## - ADDED ENTRY ELEMENTS (KOHA)
Source of classification or shelving scheme Library of Congress Classification
Koha item type Books
Suppress in OPAC No
999 ## -
-- 7510
-- 7510
Holdings
Withdrawn status Lost status Source of classification or shelving scheme Damaged status Not for loan Collection Home library Current library Shelving location Date acquired Total checkouts Barcode Date last seen Copy number Price effective from Koha item type
    Library of Congress Classification     Non-fiction Undergraduate Library (Christ Temple) Undergraduate Library (Christ Temple) General stacks 09/10/2025   ULCT00004692 09/10/2025 1 09/10/2025 Books
© 2023-2024 Copyright: Central University Libraries. All Rights Reserved | Created by: Mahone Tech Office